Los adelantados y merinos mayores de León (siglos XIII-XV) / (Record no. 47808)

MARC details
000 -LEADER
campo de control de longitud fija 00914nam a22002535i 4500
001 - NÚMERO DE CONTROL
campo de control 47808
003 - IDENTIFICADOR DE NÚMERO DE CONTROL
campo de control ES-MaACL
005 - FECHA Y HORA DE LA ÚLTIMA TRANSACCIÓN
campo de control 20250815020354.0
007 - CAMPO FIJO DE DESCRIPCIÓN FÍSICA--INFORMACIÓN GENERAL
campo de control de longitud fija t|
008 - DATOS DE LONGITUD FIJA--INFORMACIÓN GENERAL
campo de control de longitud fija 030527s1990 sp ||||0| spa j
020 ## - NÚMERO INTERNACIONAL ESTÁNDAR DEL LIBRO
Número Internacional Estándar del Libro 84-7719-225-1
040 ## - FUENTE DE CATALOGACIÓN
Centro catalogador/agencia de origen M-BN
Lengua de catalogación spa
Centro/agencia transcriptor M-BN
080 ## - NÚMERO DE LA CLASIFICACIÓN DECIMAL UNIVERSAL
Número de la Clasificación Decimal Universal 352(460.18).075.3"12/14"
100 1# - ENTRADA PRINCIPAL--NOMBRE DE PERSONA
Nombre de persona Jular Pérez-Alfaro, Cristina.
9 (RLIN) 67213
245 14 - MENCIÓN DEL TÍTULO
Título Los adelantados y merinos mayores de León (siglos XIII-XV) /
Mención de responsabilidad, etc. Cristina Jular Pérez-Alfaro.
260 ## - PUBLICACIÓN, DISTRIBUCIÓN, ETC.
Lugar de publicación, distribución, etc. León :
Nombre del editor, distribuidor, etc. Universidad, Servicio de Publicaciones,
Fecha de publicación, distribución, etc. 1990.
300 ## - DESCRIPCIÓN FÍSICA
Extensión XIII, 570 p. ;
Dimensiones 24 cm.
490 1# - MENCIÓN DE SERIE
Mención de serie Biblioteca de Castilla y León. Serie Historia ;
Designación de volumen o secuencia 12
504 ## - NOTA DE BIBLIOGRAFÍA, ETC.
Nota de bibliografía, etc. Bibliografía: p. 5-51.
650 14 - PUNTO DE ACCESO ADICIONAL DE MATERIA--TÉRMINO DE MATERIA
Término de materia o nombre geográfico como elemento de entrada Administración local-
Subdivisión geográfica León (Reino)-
Subdivisión cronológica S.XIII-XV.
9 (RLIN) 9639
830 00 - PUNTO DE ACCESO ADICIONAL DE SERIE-TÍTULO UNIFORME
Título uniforme Biblioteca de Castilla y León.
Nombre de parte o sección de la obra Historia
Designación de volumen o secuencia 12
9 (RLIN) 225497
852 ## - LOCALIZACIÓN
Ubicación ES-MaACL
Número de control de estantería L-26384
Sublocalización o colección R.129655
Holdings
Estatus retirado Estado de pérdida Estado de daño No para préstamo Biblioteca de origen Biblioteca actual Ubicación en estantería Fecha de adquisición Fuente de adquisición Total de préstamos Signatura topográfica completa Código de barras Visto por última vez Precio de reemplazo Tipo de ítem Koha
        Biblioteca del Ateneo de Madrid Biblioteca del Ateneo de Madrid Depósito 2 17/01/2008     L-26384 1050312 23/02/2023 23/02/2023 Libro impreso